UM Logo

An infallible science of identification/ (Record no. 3657)

MARC details
000 -LEADER
fixed length control field 00524nam a22001577a 4500
008 - FIXED-LENGTH DATA ELEMENTS--GENERAL INFORMATION
fixed length control field 160803b xxu||||| |||| 00| 0 eng d
020 ## - INTERNATIONAL STANDARD BOOK NUMBER
International Standard Book Number 978-971-9617-88-4
082 ## - DEWEY DECIMAL CLASSIFICATION NUMBER
Classification number DFil 363.25 V65 2016
100 ## - MAIN ENTRY--PERSONAL NAME
9 (RLIN) 12179
Personal name Vibar, Luisito B.
245 ## - TITLE STATEMENT
Title An infallible science of identification/
Statement of responsibility, etc. Luisito B. Vibar.
260 ## - PUBLICATION, DISTRIBUTION, ETC. (IMPRINT)
Place of publication, distribution, etc. Quezon City:
Name of publisher, distributor, etc. Wiseman's Books Trading,
Date of publication, distribution, etc. c2016.
300 ## - PHYSICAL DESCRIPTION
Extent 207 pages:
Other physical details illustrations;
Dimensions 22 cm.
500 ## - GENERAL NOTE
General note Includes bibliographical references.
650 #0 - SUBJECT ADDED ENTRY--TOPICAL TERM
9 (RLIN) 12182
Topical term or geographic name as entry element Fingerprints.
942 ## - ADDED ENTRY ELEMENTS (KOHA)
Source of classification or shelving scheme Dewey Decimal Classification
Koha item type Filipiniana
Holdings
Withdrawn status Lost status Source of classification or shelving scheme Damaged status Not for loan Collection code Home library Current library Shelving location Date acquired Source of acquisition Total Checkouts Full call number Barcode Date last seen Date last checked out Copy number Price effective from Koha item type
    Dewey Decimal Classification     Filipiniana UM Digos College - LIC UM Digos College - LIC Book Cart 07/25/2016 Purchased 4 DFil 363.25 V65 2016 24144 05/15/2025 01/09/2020 1 08/03/2016 Filipiniana
    Dewey Decimal Classification     Filipiniana UM Digos College - LIC UM Digos College - LIC   07/25/2016 Purchased   DFil 363.25 V65 2016 24145 05/15/2025   2 08/03/2016 Filipiniana
    Dewey Decimal Classification     Filipiniana UM Digos College - LIC UM Digos College - LIC Book Cart 07/25/2016 Purchased 3 DFil 363.25 V65 2016 24146 05/15/2025 12/17/2019 3 08/03/2016 Filipiniana
    Dewey Decimal Classification     Filipiniana UM Digos College - LIC UM Digos College - LIC Book Cart 07/25/2016 Purchased 2 DFil 363.25 V65 2016 24147 05/15/2025 12/06/2018 4 08/03/2016 Filipiniana
    Dewey Decimal Classification     Filipiniana UM Digos College - LIC UM Digos College - LIC   07/25/2016 Purchased   DFil 363.25 V65 2016 24148 05/15/2025   5 08/03/2016 Filipiniana
    Dewey Decimal Classification     Filipiniana UM Digos College - LIC UM Digos College - LIC   02/15/2021 Purchased   DFil 363.25 V65 2016 26006 05/15/2025   6 02/11/2022 Filipiniana